[Event "SVK-chT1E 1617"]
[Site "Slovakia"]
[Date "2017.02.25"]
[Round "8.7"]
[White "Durica, Adam"]
[Black "Derfinak, Patrik"]
[Result "1/2-1/2"]
[WhiteElo "1836"]
[BlackElo "1972"]
[PlyCount "104"]
[EventDate "2016.10.15"]
[EventType "team-tourn"]
[EventRounds "11"]
[EventCountry "SVK"]
[SourceTitle "EXT 2018"]
[Source "ChessBase"]
[SourceDate "2017.10.13"]
[SourceVersion "1"]
[SourceVersionDate "2017.10.13"]
[SourceQuality "1"]
[WhiteTeam "Liptov Chess School II"]
[BlackTeam "Presov Slavia PU"]
[WhiteTeamCountry "SVK"]
[BlackTeamCountry "SVK"]

1. Nf3 Nf6 2. g3 e6 3. Bg2 c5 4. 0-0 Nc6 5. d3 Be7 6. e4 d6 7. Nc3 0-0 8. h4 a6 9. Nh2 d5 10. f4 dxe4 11. Nxe4 Qd4+ 12. Kh1 Nxe4 13. dxe4 e5 14. c3 Qxd1 15. Rxd1 exf4 16. Bxf4 Be6 17. Nf3 Rfd8 18. b3 Rxd1+ 19. Rxd1 Rd8 20. Rxd8+ Bxd8 21. Kg1 h6 22. Kf2 Kf8 23. Ne5 Nxe5 24. Bxe5 f6 25. Bd6+ Be7 26. Bc7 b5 27. e5 Kf7 28. Bb7 b4 29. cxb4 cxb4 30. Bxa6 Bc5+ 31. Ke2 g5 32. Bc4 f5 33. hxg5 hxg5 34. Bd8 Bxc4+ 35. bxc4 g4 36. Bg5 Ke6 37. Bf4 Bd4 38. Kd3 Bxe5 39. Bxe5 Kxe5 40. Ke3 Ke6 41. Kd4 Kd6 42. c5+ Kc6 43. Ke5 Kxc5 44. Kxf5 Kc4 45. Kxg4 Kc3 46. Kf4 Kb2 47. g4 Kxa2 48. g5 b3 49. g6 b2 50. g7 b1Q 51. g8Q+ Qb3 52. Qxb3+ Kxb3 1/2-1/2

[Event "SVK-chT2D 1516"]
[Site "Slovakia"]
[Date "2016.01.24"]
[Round "7.5"]
[White "Pavlik, Milan"]
[Black "Derfinak, Patrik"]
[Result "1-0"]
[WhiteElo "2010"]
[BlackElo "1970"]
[PlyCount "131"]
[EventDate "2015.10.17"]
[EventType "team-tourn"]
[EventRounds "11"]
[EventCountry "SVK"]
[SourceTitle "EXT 2017"]
[Source "ChessBase"]
[SourceDate "2016.10.25"]
[SourceVersion "1"]
[SourceVersionDate "2016.10.25"]
[SourceQuality "1"]
[WhiteTeam "Sabinov II"]
[BlackTeam "Presov Slavia"]
[WhiteTeamCountry "SVK"]
[BlackTeamCountry "SVK"]

1. d4 Nf6 2. Nc3 e6 3. e4 Bb4 4. Bd3 c5 5. Nge2 d5 6. exd5 Nxd5 7. 0-0 cxd4 8. Nxd5 Qxd5 9. Nxd4 Nc6 10. Nxc6 Qxc6 11. Qg4 Bf8 12. Be3 g6 13. Bd4 Rg8 14. Rad1 Bd7 15. Bf6 Be7 16. Bxe7 Kxe7 17. Qh4+ Kf8 18. Qxh7 Rc8 19. Rfe1 Qc7 20. Be4 Bc6 21. Bxc6 Qxc6 22. Rd2 Ke7 23. Qh4+ g5 24. Qb4+ Kf6 25. Qd4+ Kg6 26. Qd3+ Kg7 27. Qg3 Kh6 28. Red1 Rg7 29. c3 a5 30. Rd4 b5 31. R1d3 b4 32. Rh4+ Kg6 33. Rg4 f6 34. h4 bxc3 35. Rxc3 Qd7 36. Rxc8 Qxc8 37. Qd3+ Kf7 38. Rc4 Qb7 39. Qc2 Qd5 40. Rc7+ Kg8 41. Rc8+ Kf7 42. Qc7+ Kg6 43. h5+ Kh7 44. Qc2+ f5 45. b3 Qe5 46. Qc1 Qe2 47. Rc7 Qxh5 48. Rxg7+ Kxg7 49. g3 Kg6 50. Qe1 Kf6 51. Qxa5 Qd1+ 52. Kg2 Qe2 53. Qc3+ Kf7 54. a4 g4 55. Qe3 Qd1 56. Kh2 Qa1 57. Qa7+ Kg6 58. Qb6 Qh8+ 59. Kg1 Qe5 60. a5 Kf6 61. a6 f4 62. gxf4 Qxf4 63. a7 Qe4 64. Qd8+ Kf7 65. a8Q Qb1+ 66. Kg2 1-0

[Event "SVK-chT2D 1516"]
[Site "Slovakia"]
[Date "2015.12.06"]
[Round "6.7"]
[White "Derfinak, Patrik"]
[Black "Kardis, Benjamin"]
[Result "1/2-1/2"]
[WhiteElo "1984"]
[BlackElo "1644"]
[PlyCount "85"]
[EventDate "2015.10.17"]
[EventType "team-tourn"]
[EventRounds "11"]
[EventCountry "SVK"]
[SourceTitle "CBM 170 Extra"]
[Source "ChessBase"]
[SourceDate "2016.02.25"]
[SourceVersion "1"]
[SourceVersionDate "2016.02.25"]
[SourceQuality "1"]
[WhiteTeam "Presov Slavia"]
[BlackTeam "Presov Tatran"]
[WhiteTeamCountry "SVK"]
[BlackTeamCountry "SVK"]

1. e4 c5 2. c3 d6 3. d4 cxd4 4. cxd4 Nf6 5. Nc3 a6 6. Nf3 e6 7. Be2 Be7 8. 0-0 0-0 9. Bf4 b5 10. e5 dxe5 11. dxe5 Nfd7 12. Qc2 Bb7 13. Rfd1 Qc8 14. Rac1 Nc6 15. Qb1 Nb6 16. Bg5 h6 17. Bxe7 Nxe7 18. Nxb5 Qb8 19. Nd6 Ned5 20. Nxb7 Qxb7 21. Qe4 Rac8 22. Bd3 g6 23. h4 Rxc1 24. Rxc1 f5 25. exf6 Rxf6 26. Qe5 Nd7 27. Qe2 Nf4 28. Qc2 Rf8 29. Be4 Qb6 30. Bxg6 Qb5 31. Kh1 Ne5 32. Nxe5 Qxe5 33. h5 Qg5 34. f3 Qh4+ 35. Kg1 Qg3 36. a3 Nh3+ 37. Kf1 Rxf3+ 38. gxf3 Qxf3+ 39. Ke1 Qe3+ 40. Kf1 Qf3+ 41. Ke1 Qe3+ 42. Kf1 Qf3+ 43. Ke1 1/2-1/2

[Event "SVK-chT2D 14/15"]
[Site "Slovakia"]
[Date "2015.03.08"]
[Round "11.6"]
[White "Derfinak, Patrik"]
[Black "Valentik, Roman"]
[Result "1/2-1/2"]
[WhiteElo "1990"]
[BlackElo "1837"]
[PlyCount "82"]
[EventDate "2014.10.11"]
[EventType "team-tourn"]
[EventRounds "11"]
[EventCountry "SVK"]
[SourceTitle "EXT 2019"]
[Source "ChessBase"]
[SourceDate "2018.10.10"]
[SourceVersion "1"]
[SourceVersionDate "2018.10.10"]
[SourceQuality "1"]
[WhiteTeam "Presov Slavia PU"]
[BlackTeam "Kosice 1 CC"]
[WhiteTeamCountry "SVK"]
[BlackTeamCountry "SVK"]

1. e4 e5 2. Nf3 Nc6 3. d4 exd4 4. Nxd4 Bc5 5. Be3 Qf6 6. c3 Nge7 7. Bc4 0-0 8. 0-0 a6 9. a4 Bd6 10. f4 Bc5 11. e5 Qh6 12. Qf3 Bxd4 13. cxd4 Nf5 14. Qe4 Nxe3 15. Qxe3 d6 16. Qc3 Bf5 17. Nd2 Rad8 18. Rae1 dxe5 19. d5 Nb8 20. fxe5 b5 21. axb5 axb5 22. Bb3 b4 23. Qxb4 Bd3 24. Rf3 c5 25. Qc3 c4 26. Nxc4 Bxc4 27. Bxc4 Kh8 28. e6 fxe6 29. Rxf8+ Rxf8 30. dxe6 Re8 31. Bb5 Rg8 32. e7 Qb6+ 33. Qe3 Qxb5 34. Rf1 Qe8 35. Qc5 Nd7 36. Qd6 Nf6 37. b4 h6 38. b5 Qxb5 39. Rxf6 gxf6 40. Qxf6+ Kh7 41. Qf7+ Kh8 1/2-1/2

[Event "SVK-chT2D 14/15"]
[Site "Slovakia"]
[Date "2014.11.08"]
[Round "3.5"]
[White "Dudasko, Stefan"]
[Black "Derfinak, Patrik"]
[Result "1-0"]
[WhiteElo "1645"]
[BlackElo "1990"]
[PlyCount "119"]
[EventDate "2014.10.11"]
[EventType "team-tourn"]
[EventRounds "11"]
[EventCountry "SVK"]
[SourceTitle "EXT 2019"]
[Source "ChessBase"]
[SourceDate "2018.10.10"]
[SourceVersion "1"]
[SourceVersionDate "2018.10.10"]
[SourceQuality "1"]
[WhiteTeam "Spisska Stara Ves"]
[BlackTeam "Presov Slavia PU"]
[WhiteTeamCountry "SVK"]
[BlackTeamCountry "SVK"]

1. e4 c6 2. Nf3 d5 3. Nc3 Bg4 4. exd5 cxd5 5. d4 Nc6 6. Bb5 Rc8 7. 0-0 Nf6 8. Qd3 e6 9. Re1 Be7 10. Bf4 0-0 11. Bxc6 bxc6 12. Ne5 Bf5 13. Qa6 c5 14. Nc6 Qd7 15. Nxe7+ Qxe7 16. Bd6 Qd7 17. Bxf8 cxd4 18. Bxg7 Kxg7 19. Ne2 e5 20. Ng3 e4 21. Nxf5+ Qxf5 22. Qxa7 Qe5 23. Rad1 Rxc2 24. Qxd4 Qxd4 25. Rxd4 Rxb2 26. Ra1 Rb5 27. a4 Ra5 28. Rb4 Kf8 29. Kf1 Ke7 30. Ke2 Ke6 31. h3 Nd7 32. Rb5 Ra7 33. a5 Kd6 34. Ke3 Kc6 35. Rb2 Kc5 36. a6 Nb6 37. Kf4 Kc6 38. h4 Nc4 39. Rb8 Nd6 40. Rh8 f6 41. Rf8 f5 42. Ke5 Re7+ 43. Kf6 Ra7 44. Ke6 Nb5 45. Kxf5 Nd6+ 46. Ke6 Nb5 47. Rc1+ Kb6 48. Rb8+ Ka5 49. Ra1+ Kb4 50. Rb1+ Kc4 51. R8xb5 Rxa6+ 52. Ke5 Rg6 53. g3 e3 54. R1b4+ Kc3 55. fxe3 Rxg3 56. Kxd5 h5 57. Rb3+ Kc2 58. Rb2+ Kc1 59. Re2 Rg4 60. Rh2 1-0

[Event "Prague Holiday K21"]
[Site "Prague"]
[Date "2012.07.26"]
[Round "8"]
[White "Derfinak, Patrik"]
[Black "Krupicka, Josef"]
[Result "1-0"]
[WhiteElo "1992"]
[BlackElo "1879"]
[PlyCount "37"]
[EventDate "2012.07.22"]
[EventType "tourn"]
[EventRounds "9"]
[EventCountry "CZE"]
[SourceTitle "EXT 2023"]
[Source "ChessBase"]
[SourceDate "2022.10.05"]
[SourceVersion "1"]
[SourceVersionDate "2022.10.05"]
[SourceQuality "1"]

1. e4 c6 2. d4 d5 3. e5 Bf5 4. Nf3 e6 5. Be2 c5 6. c3 Nc6 7. 0-0 Qb6 8. Qa4 Nge7 9. dxc5 Qxc5 10. b4 Qb6 11. Be3 Qd8 12. b5 Na5 13. b6+ Nec6 14. bxa7 Be7 15. Qb5 Qd7 16. Nbd2 0-0 17. Bb6 Bd8 18. Bc5 Nxa7 19. Qxd7 1-0

[Event "Prague Holiday K21"]
[Site "Prague"]
[Date "2012.07.23"]
[Round "3"]
[White "Derfinak, Patrik"]
[Black "Hadzala, Daniel"]
[Result "1-0"]
[WhiteElo "1992"]
[BlackElo "2126"]
[PlyCount "107"]
[EventDate "2012.07.22"]
[EventType "tourn"]
[EventRounds "9"]
[EventCountry "CZE"]
[SourceTitle "EXT 2023"]
[Source "ChessBase"]
[SourceDate "2022.10.05"]
[SourceVersion "1"]
[SourceVersionDate "2022.10.05"]
[SourceQuality "1"]

1. e4 e6 2. d4 d5 3. Bd3 Nf6 4. e5 Nfd7 5. Nf3 c5 6. c3 Nc6 7. 0-0 Be7 8. Be3 cxd4 9. cxd4 Nb6 10. Nc3 Bd7 11. Ne2 Nb4 12. Bb1 Bb5 13. a3 Nc6 14. b3 a5 15. Re1 Bxe2 16. Qxe2 a4 17. b4 Nc4 18. Bc1 Na7 19. Qd3 Nc8 20. g3 h6 21. Nd2 b5 22. f4 g6 23. Nf3 Qb6 24. g4 h5 25. h3 hxg4 26. hxg4 Na7 27. Ra2 Kd7 28. Rh2 Rxh2 29. Kxh2 Nc6 30. Kg2 Rh8 31. Rh1 Rxh1 32. Kxh1 Qa7 33. f5 gxf5 34. gxf5 Qa8 35. f6 Qh8+ 36. Kg2 Bf8 37. Qh7 Qxh7 38. Bxh7 Bxb4 39. axb4 a3 40. Nd2 Nxb4 41. Nxc4 dxc4 42. Bxa3 Na6 43. Kf2 b4 44. Bc1 Kc6 45. Bg8 c3 46. Ke3 b3 47. Kd3 b2 48. Bxb2 cxb2 49. Kc2 Nc7 50. Bxf7 Kd7 51. Kxb2 Nb5 52. Bg6 Nxd4 53. Be4 Nb5 54. Bc6+ 1-0

[Event "Prague Holiday K21"]
[Site "Prague"]
[Date "2012.07.22"]
[Round "2"]
[White "Taylor, Robert Graham"]
[Black "Derfinak, Patrik"]
[Result "1-0"]
[WhiteElo "1950"]
[BlackElo "1992"]
[PlyCount "71"]
[EventDate "2012.07.22"]
[EventType "tourn"]
[EventRounds "9"]
[EventCountry "CZE"]
[SourceTitle "EXT 2023"]
[Source "ChessBase"]
[SourceDate "2022.10.05"]
[SourceVersion "1"]
[SourceVersionDate "2022.10.05"]
[SourceQuality "1"]

1. e4 c6 2. d4 d5 3. exd5 cxd5 4. c4 Nf6 5. Nc3 e6 6. Nf3 Be7 7. c5 Nc6 8. Bd3 0-0 9. 0-0 b6 10. Bb5 Bb7 11. Qa4 Qc8 12. b4 a6 13. Bd3 Qc7 14. Bg5 b5 15. Qb3 Rfe8 16. Rad1 Nd7 17. Bxe7 Nxe7 18. Rfe1 Nf6 19. Bb1 Ng6 20. Ne5 Nd7 21. Nxd7 Qxd7 22. a4 Bc6 23. a5 Rad8 24. Qc2 Qc7 25. Qe2 Qf4 26. Bxg6 hxg6 27. g3 Qc7 28. f4 Qb8 29. Nb1 Qc7 30. Nd2 Rc8 31. Nf3 f6 32. Qc2 Qf7 33. Re3 Re7 34. Rde1 Rce8 35. Nh4 Kh7 36. Qe2 1-0

[Event "SVK-chT2D 1112"]
[Site "Slovakia"]
[Date "2012.01.07"]
[Round "7.2"]
[White "Ducay, Miroslav"]
[Black "Derfinak, Patrik"]
[Result "1-0"]
[WhiteElo "2013"]
[BlackElo "2024"]
[PlyCount "70"]
[EventDate "2011.10.08"]
[EventType "team-tourn"]
[EventRounds "11"]
[EventCountry "SVK"]
[SourceTitle "EXT 2013"]
[Source "ChessBase"]
[SourceDate "2012.11.22"]
[SourceVersion "1"]
[SourceVersionDate "2012.11.22"]
[SourceQuality "1"]
[WhiteTeam "Presov Tatran Dason"]
[BlackTeam "Presov Slavia PU"]
[WhiteTeamCountry "SVK"]
[BlackTeamCountry "SVK"]

1. e4 c6 2. d4 d5 3. Nc3 dxe4 4. Nxe4 Nd7 5. Nf3 Ngf6 6. Ng3 Qc7 7. Bd3 e6 8. 0-0 Bd6 9. Re1 0-0 10. c4 c5 11. a3 b6 12. Ne4 Bb7 13. Nxd6 Qxd6 14. dxc5 Qxc5 15. b4 Qc7 16. Bb2 Rfd8 17. Qe2 Qf4 18. Rad1 Rac8 19. h3 Bxf3 20. Qxf3 Qxf3 21. gxf3 Nh5 22. Bc1 h6 23. f4 Nhf6 24. Bb2 Nf8 25. Kg2 Rd7 26. Be2 Rcd8 27. Rxd7 Rxd7 28. Rd1 Rxd1 29. Bxd1 N6d7 30. Ba4 f6 31. Bd4 Kf7 32. c5 bxc5 33. bxc5 Ke7 34. c6 Nb6 35. Bxb6 axb6 1-0

[Event "SVK-chT2D 1112"]
[Site "Slovakia"]
[Date "2011.10.09"]
[Round "2.4"]
[White "Derfinak, Patrik"]
[Black "Tauber, Marek"]
[Result "1/2-1/2"]
[WhiteElo "2024"]
[BlackElo "2191"]
[PlyCount "113"]
[EventDate "2011.10.08"]
[EventType "team-tourn"]
[EventRounds "11"]
[EventCountry "SVK"]
[SourceTitle "EXT 2013"]
[Source "ChessBase"]
[SourceDate "2012.11.22"]
[SourceVersion "1"]
[SourceVersionDate "2012.11.22"]
[SourceQuality "1"]
[WhiteTeam "Presov Slavia PU"]
[BlackTeam "Kezmarok KdV II"]
[WhiteTeamCountry "SVK"]
[BlackTeamCountry "SVK"]

1. e4 c5 2. c3 d6 3. d4 Nf6 4. dxc5 Nc6 5. cxd6 Nxe4 6. Bd3 Nxd6 7. Nf3 g6 8. Be3 Bg7 9. Qc2 Bf5 10. Nbd2 0-0 11. Ne4 Rc8 12. a3 Bxe4 13. Bxe4 Nc4 14. Qe2 Nxe3 15. Qxe3 Qa5 16. 0-0 Qb5 17. Rab1 e6 18. Qd3 Qb6 19. Qe2 Rfd8 20. Rfd1 Bf6 21. h3 Kg7 22. Bxc6 Rxc6 23. Rxd8 Qxd8 24. Rd1 Rd6 25. Rxd6 Qxd6 26. Qd2 Qxd2 27. Nxd2 Bg5 28. Nb3 Kf6 29. Kf1 Ke5 30. Ke2 Kd5 31. Kd3 b5 32. Nd4 a6 33. b3 e5 34. c4+ bxc4+ 35. bxc4+ Kd6 36. Nb3 f5 37. f3 Bd8 38. Nc1 Kc6 39. Nb3 Be7 40. a4 Bb4 41. Ke3 Kd6 42. Kd3 Bc5 43. Na5 Bb6 44. Nb3 Kc6 45. Kc3 Bf2 46. Kd3 h6 47. Ke2 Bg1 48. Kd3 Bc5 49. Na5+ Kc7 50. Nb3 Kb6 51. Kc3 Be7 52. Kd3 Bf8 53. Kc3 Bd6 54. Kd3 Bc5 55. Kc3 Kc6 56. Kd3 Kd6 57. Na5 1/2-1/2